| Tag |
First Indicator |
Second Indicator |
Subfields |
| LEADER |
00000cam a2200000Ia 4500 |
| 001 |
in00004509708 |
| 005 |
20191204153300.0 |
| 008 |
071217s2008 paua 001 0 eng d |
| 019 |
|
|
|a 174131024
|
| 020 |
|
|
|a 9780781786980 (sc)
|
| 020 |
|
|
|a 0781786983
|
| 035 |
|
|
|a (OCoLC)ocn184742009
|
| 035 |
|
|
|a (OCoLC)184742009
|z (OCoLC)174131024
|
| 035 |
|
|
|z (UtOrBLW)46728
|
| 035 |
|
|
|a 66985
|
| 040 |
|
|
|a ZJI
|c ZJI
|d BAKER
|d YDXCP
|d BTCTA
|d UtOrBLW
|
| 049 |
|
|
|a TMVM
|c 1
|c 2
|c 3
|
| 050 |
|
0 |
|a R
|
| 060 |
|
4 |
|a W 15
|b C712s 2008
|
| 082 |
0 |
4 |
|a 610.14
|b COL
|
| 100 |
1 |
|
|a Collins, C. Edward.
|
| 245 |
1 |
2 |
|a A short course in medical terminology :
|b enhanced reprint /
|c C. Edward Collins.
|
| 264 |
|
1 |
|a Philadelphia :
|b Wolters Kluwer/Lippincott Williams & Wilkins,
|c [2008]
|
| 264 |
|
4 |
|c ©2008
|
| 300 |
|
|
|a 358 pages :
|b color illustrations ;
|c 23 cm.
|
| 336 |
|
|
|a text
|2 rdacontent
|b txt
|
| 337 |
|
|
|a unmediated
|2 rdamedia
|
| 338 |
|
|
|a volume
|2 rdacarrier
|b nc
|
| 650 |
|
0 |
|a Medicine
|v Terminology.
|
| 650 |
|
2 |
|a Medicine.
|
| 650 |
|
2 |
|a Terminology.
|
| 655 |
|
2 |
|a Problems and Exercises.
|
| 948 |
|
|
|a 2 copies, College of Pharmacy, Kingsville; Faculty Request. PO 12397
|
| 999 |
|
|
|a MARS
|
| 999 |
f |
f |
|s 68208a5a-8f85-328a-84b9-71463e2962c2
|i a39a1bdc-87c4-3275-b61f-1577f6ff1d19
|t 0
|
| 952 |
f |
f |
|p normal
|a Texas A&M University
|b College Station
|c Medical Sciences Library
|d MSL: Book Stacks
|t 0
|e W 15 C712s 2008
|h National Library of Medicine classification
|i unmediated -- volume
|m 323890209489E
|
| 952 |
f |
f |
|p ric
|a Texas A&M University
|b Rellis Campus
|c Joint Library Facility
|d Remote Storage
|t 0
|e W 15 C712s 2008
|h National Library of Medicine classification
|i unmediated -- volume
|m 3238902345512
|
| 998 |
f |
f |
|a W 15 C712s 2008
|t 0
|l Remote Storage
|
| 998 |
f |
f |
|a W 15 C712s 2008
|t 0
|l MSL: Book Stacks
|